000 00303nam a2200133Ia 4500
100 _aBali/ S.P.
942 _cBK
654 _aColor Television
245 _aColour television :Theory and practice
260 _bTata Mc Graw hill
_aNew Delhi
_c1994
300 _a535
546 _aENGLISH
999 _c32873
_d32873